An introduction to mediation : peaceful intervention in conflict.

Professor Han Dorussen introduces the concept of mediation, or peaceful intervention in conflicts. He focuses on the circumstances which give rise to mediation, as well as why parties offer or accept mediation.

Bibliographic Details
Format: Video
Language:English
Language Notes:Closed-captions in English.
Published: London, United Kingdom : SAGE Publications Ltd., 2016.
Series:SAGE video lectures.
Subjects:
Online Access:Connect to the full streaming video

MARC

Tag First Indicator Second Indicator Subfields
LEADER 00000cgm a2200000Mi 4500
001 in00005513721
006 m o c
007 vz |za|||
007 cr |za||||||||
008 160712s2016 enk021 f o vleng d
005 20241105203014.2
035 |a (OCoLC)on1017730743 
040 |a SGPBL  |b eng  |e rda  |e pn  |c SGPBL  |d OCLCO  |d OCLCF  |d NRC  |d OCLCQ  |d OCLCO  |d OCLCA  |d OCLCO  |d OCLCL 
020 |a 9781473993143  |q (streaming video) 
020 |a 1473993148 
035 |a (OCoLC)1017730743 
041 0 |j eng 
050 4 |a JZ6045 
082 0 4 |a 327.172  |2 23 
049 |a TXAM 
245 0 3 |a An introduction to mediation :  |b peaceful intervention in conflict. 
264 1 |a London, United Kingdom :  |b SAGE Publications Ltd.,  |c 2016. 
300 |a 1 online resource (1 video file (21 min., 19 sec.)) :  |b sound, colour 
336 |a two-dimensional moving image  |b tdi  |2 rdacontent 
337 |a computer  |b c  |2 rdamedia 
338 |a online resource  |b cr  |2 rdacarrier 
490 1 |a SAGE video lectures 
511 0 |a Presenter, Han Dorussen. 
520 8 |a Professor Han Dorussen introduces the concept of mediation, or peaceful intervention in conflicts. He focuses on the circumstances which give rise to mediation, as well as why parties offer or accept mediation. 
521 |a Specialized. 
546 |a Closed-captions in English. 
588 0 |a Online resource; title from home page (viewed on July 20, 2016). 
650 0 |a Mediation, International. 
650 6 |a Médiation internationale. 
650 7 |a Mediation, International.  |2 fast  |0 (OCoLC)fst01013650 
655 7 |a Internet videos.  |2 fast  |0 (OCoLC)fst01750214 
655 7 |a Nonfiction television programs.  |2 fast  |0 (OCoLC)fst01710270 
655 7 |a Nonfiction television programs.  |2 lcgft 
655 7 |a Internet videos.  |2 lcgft 
655 7 |a Émissions télévisées autres que de fiction.  |2 rvmgf 
655 7 |a Vidéos sur Internet.  |2 rvmgf 
700 1 |a Dorussen, Han,  |d 1962-  |e on-screen presenter.  |1 https://id.oclc.org/worldcat/entity/E39PBJx8FfcpRKTbTFgxT8GCQq 
758 |i has work:  |a An introduction to mediation (MovingImage)  |1 https://id.oclc.org/worldcat/entity/E39PCGBF9K8kHMMdVXqTqP3wvd  |4 https://id.oclc.org/worldcat/ontology/hasWork 
830 0 |a SAGE video lectures. 
856 4 0 |u http://proxy.library.tamu.edu/login?url=https://sk.sagepub.com/video/an-introduction-to-mediation-peaceful-intervention-in-conflict  |z Connect to the full streaming video  |t 0 
955 |a SAGE Video Politics and Interational Relations 
994 |a 92  |b TXA 
999 f f |s 89662ad8-bcd3-4960-b1d1-9fec243fdd2a  |i 2df50cc7-6fbe-4653-9fea-40269e5a4c06  |t 0 
952 f f |a Texas A&M University  |b College Station  |c Electronic Resources  |d Available Online  |t 0  |e JZ6045   |h Library of Congress classification 
998 f f |a JZ6045   |t 0  |l Available Online